[Event "75th ch-RUS w 2025"]
[Site "Moscow RUS"]
[Date "2025.10.01"]
[Round "1.1"]
[White "Garifullina, Leya"]
[Black "Galliamova, Alisa"]
[Result "1-0"]
[WhiteTitle "IM"]
[BlackTitle "IM"]
[WhiteElo "2453"]
[BlackElo "2392"]
[WhiteFideId "34127035"]
[BlackFideId "4129725"]
[EventDate "2025.10.01"]

1. e4 c5 2. Nf3 Nc6 3. d4 cxd4 4. Nxd4 Nf6 5. Nc3 e5 6. Ndb5 d6 7. Nd5 Nxd5 8.
exd5 Nb8 9. c4 Be7 10. c5 Na6 11. cxd6 Bxd6 12. Bc4 Nc7 13. a4 Nxb5 14. axb5 O-O
15. O-O e4 16. b3 Re8 17. Ba3 Bxa3 18. Rxa3 Qd6 19. Ra2 a5 20. bxa6 bxa6 21. Qd4
Bb7 22. Re2 Rad8 23. Rd1 f5 24. Re3 Kh8 25. f3 exf3 26. Rxf3 Re4 27. Qf2 g6 28.
Re3 Rde8 29. Rxe4 Rxe4 30. h3 Kg7 31. Qa7 Re7 32. Qd4+ Kh6 33. Qd2+ Kg7 34. Qc3+
Kh6 35. Rd4 g5 36. h4 Re4 37. hxg5+ Kg6 38. Rxe4 fxe4 39. Qd4 Kf5 40. Qg7 Qb6+
41. Kf1 a5 42. Qxh7+ Kxg5 43. Qxe4 Ba6 44. Ke2 a4 45. Qe7+ Kf4 46. Qh4+ Kf5 47.
Qh3+ Kg5 48. Qg3+ Kh5 49. Qe5+ Kg4 50. Qg7+ Kh4 51. g3+ Kh5 52. Qh8+ Kg5 53.
Qh4+ Kg6 54. Qe4+ Kf6 55. Qf3+ Kg5 56. Qf4+ Kg6 57. Qe4+ Kf6 58. bxa4 Qb2+ 59.
Kd1 Qa1+ 60. Kc2 Qxa4+ 61. Kc3 Bxc4 62. Qf4+ Ke7 63. Qxc4 Qa1+ 64. Kb4 Qb1+ 65.
Ka4 Qd1+ 66. Kb5 Kd6 67. Qc6+ Ke5 68. Qe6+ Kd4 69. d6 Qf1+ 70. Kb6 Qf8 71. Kc7
Qa8 72. d7 Qa7+ 73. Kd8 Kc3 74. Ke8 Qa4 75. g4 1-0

[Event "75th ch-RUS w 2025"]
[Site "Moscow RUS"]
[Date "2025.10.01"]
[Round "1.2"]
[White "Charochkina, Daria"]
[Black "Shukhman, Anna"]
[Result "1/2-1/2"]
[WhiteTitle "IM"]
[BlackTitle "WGM"]
[WhiteElo "2274"]
[BlackElo "2404"]
[WhiteFideId "4180917"]
[BlackFideId "54180058"]
[EventDate "2025.10.01"]

1. d4 d5 2. c4 e6 3. Nc3 Nf6 4. cxd5 exd5 5. Bg5 Be7 6. e3 h6 7. Bh4 Bg4 8. Qb3
Nbd7 9. Bg3 O-O 10. Bd3 c5 11. Qxb7 cxd4 12. exd4 Ne4 13. Bxe4 dxe4 14. h3 Be6
15. Nge2 f5 16. O-O Nb6 17. d5 Bc8 18. Qc7 Ba6 19. Rfd1 Nc4 20. Rab1 g5 21. Qc6
Qb6 22. Bc7 Qxc6 23. dxc6 Rac8 24. Rd7 Bf6 25. Nd5 Bb5 26. Rc1 Bxc6 27. Nxf6+
Rxf6 28. Rd8+ Rxd8 29. Bxd8 Rf8 30. Be7 Re8 31. Rxc4 Bb5 32. Rc7 Bxe2 33. Rxa7
f4 34. Bc5 Bc4 35. b3 Bd3 36. Rd7 Re5 37. Bd4 Ra5 38. a4 Ra6 39. Rc7 Be2 40.
Rg7+ Kf8 41. Rb7 Kg8 42. Rg7+ Kf8 43. Rd7 Bd3 44. Bc5+ Kg8 45. Rb7 Bc2 46. Kf1
Rc6 47. b4 Bxa4 48. Ke2 Rc8 49. Re7 Re8 50. Rxe8+ 1/2-1/2

[Event "75th ch-RUS w 2025"]
[Site "Moscow RUS"]
[Date "2025.10.01"]
[Round "1.3"]
[White "Potapova, Margarita"]
[Black "Bodnaruk, Anastasia"]
[Result "1/2-1/2"]
[WhiteTitle "WIM"]
[BlackTitle "IM"]
[WhiteElo "2275"]
[BlackElo "2362"]
[WhiteFideId "14126869"]
[BlackFideId "4181751"]
[EventDate "2025.10.01"]

1. d4 Nf6 2. c4 g6 3. Nc3 Bg7 4. e4 d6 5. h3 O-O 6. Be3 c6 7. Nf3 Na6 8. Be2 e5
9. d5 Nh5 10. O-O Nf4 11. Re1 Nxe2+ 12. Qxe2 c5 13. Qd2 f5 14. exf5 gxf5 15. Bg5
Qd7 16. Kh1 Nc7 17. a4 Kh8 18. Nh4 Qf7 19. Rg1 Bd7 20. Rae1 Qh5 21. Be7 Rf7 22.
Qg5 Qxg5 23. Bxg5 a6 24. Bd2 Rff8 25. g4 fxg4 26. hxg4 b5 27. b3 bxc4 28. bxc4
Rab8 29. Ne4 Rb2 30. Bg5 Ne8 31. f3 Bxa4 32. Be7 Rf4 33. Rb1 Rb4 34. Nxd6 Nxd6
35. Bxd6 Rfxc4 36. Nf5 e4 37. Bxc5 Rxb1 38. Rxb1 Bb5 39. Bf2 exf3 40. d6 Bf6 41.
g5 Bxg5 42. Nd4 Bd7 43. Nb3 Bf5 44. Re1 Rc2 45. Kg1 Re2 46. Ra1 Be3 47. Bxe3
Rxe3 48. Nd4 Bd7 49. Rxa6 Rd3 50. Ra8+ Kg7 51. Ra7 Rxd4 52. Rxd7+ Kg6 53. Kf2
Rd3 54. Re7 Rxd6 55. Kxf3 h5 56. Re3 Kg5 57. Kg3 Rd5 58. Ra3 h4+ 1/2-1/2

[Event "75th ch-RUS w 2025"]
[Site "Moscow RUS"]
[Date "2025.10.01"]
[Round "1.4"]
[White "Goltseva, Ekaterina"]
[Black "Shuvalova, Polina"]
[Result "1-0"]
[WhiteTitle "FM"]
[BlackTitle "IM"]
[WhiteElo "2347"]
[BlackElo "2479"]
[WhiteFideId "24173770"]
[BlackFideId "24171760"]
[EventDate "2025.10.01"]

1. d4 Nf6 2. c4 c6 3. Nc3 d5 4. Nf3 e6 5. e3 Nbd7 6. Qc2 Bd6 7. Bd3 O-O 8. O-O
dxc4 9. Bxc4 b5 10. Be2 Bb7 11. e4 e5 12. dxe5 Nxe5 13. Nd4 Neg4 14. Nf5 Bxh2+
15. Kh1 Bb8 16. Bg5 Bc8 17. Rad1 Qb6 18. Bxg4 Qc7 19. Nd6 Nxg4 20. f3 h6 21. Bf4
g5 22. fxg4 gxf4 23. e5 Qe7 24. Rxf4 Qxe5 25. Nxf7 Qg7 26. Rf2 Bxg4 27. Rdf1 Be6
28. Ne4 Bxf7 29. Qxc6 Qe5 30. Qxh6 Qxe4 31. Rf5 Bf4 32. R1xf4 Qe1+ 33. Kh2 1-0

[Event "75th ch-RUS w 2025"]
[Site "Moscow RUS"]
[Date "2025.10.01"]
[Round "1.5"]
[White "Girya, Olga"]
[Black "Kovalevskaya, Ekaterina"]
[Result "1/2-1/2"]
[WhiteTitle "GM"]
[BlackTitle "IM"]
[WhiteElo "2401"]
[BlackElo "2280"]
[WhiteFideId "4195752"]
[BlackFideId "4116704"]
[EventDate "2025.10.01"]

1. d4 Nf6 2. c4 e6 3. Nc3 Bb4 4. e3 d5 5. a3 Bxc3+ 6. bxc3 O-O 7. cxd5 exd5 8.
Bd3 b6 9. Ne2 Ba6 10. Bxa6 Nxa6 11. Qd3 Qc8 12. a4 c5 13. Ba3 Re8 14. O-O c4 15.
Qc2 Qc6 16. Rfe1 Nc7 17. Ng3 Ne4 18. Nf1 Re6 19. f3 Nf6 20. Ng3 Rae8 21. Re2 g6
22. Rae1 h5 23. Nh1 b5 24. a5 Na6 25. Qb1 Qc7 26. Qxb5 Rb8 27. Qa4 Rb3 28. Nf2
Rxc3 29. e4 Qd7 30. Qxd7 Nxd7 31. Ra1 Nc7 32. Rb2 Ra6 33. Bb4 Rb3 34. Rxb3 cxb3
35. Rb1 Nb5 36. exd5 Nxd4 37. Ne4 f5 38. Nd2 Nf6 39. d6 Nc2 40. Bc3 Rxd6 41.
Rxb3 Nd5 42. Rb8+ Kf7 43. Nc4 Re6 44. Ne5+ Ke7 45. Bb2 Ra6 46. Rg8 Nf4 47. g3
Ne2+ 48. Kf2 Ned4 49. Rg7+ Kf8 50. Rd7 Nb5 51. Rd2 Nca3 52. Rd3 Nc2 53. f4 Ke8
54. Rd5 Rxa5 55. Nc6 Ra6 56. Re5+ Kf8 57. Nb8 Ra5 58. Nc6 Ra6 59. Nb8 Ra5 60.
Nd7+ Kf7 61. Rc5 Nb4 62. Ne5+ Ke6 63. Ke3 a6 64. Rc4 Nd5+ 65. Kd2 Ne7 66. Rc5
Ra4 67. Nd3 1/2-1/2

[Event "75th ch-RUS w 2025"]
[Site "Moscow RUS"]
[Date "2025.10.01"]
[Round "1.6"]
[White "Zhapova, Yana"]
[Black "Gunina, Valentina"]
[Result "0-1"]
[WhiteTitle "FM"]
[BlackTitle "GM"]
[WhiteElo "2292"]
[BlackElo "2405"]
[WhiteFideId "24278670"]
[BlackFideId "4167570"]
[EventDate "2025.10.01"]

1. e4 c5 2. Nf3 Nc6 3. Bb5 e5 4. O-O Be7 5. c3 Nf6 6. Re1 O-O 7. Bxc6 dxc6 8.
Nxe5 Qc7 9. Nf3 Bg4 10. h3 Bh5 11. d3 Rad8 12. Qe2 Rfe8 13. Nbd2 Qd7 14. e5 Nd5
15. Ne4 Bg6 16. Bd2 Nc7 17. d4 Ne6 18. Rad1 cxd4 19. cxd4 Qd5 20. a3 Qb3 21. Bc1
Rd7 22. Rd3 Qd5 23. Rdd1 Red8 24. Nc3 Qb3 25. Qe3 Bh5 26. g4 Bg6 27. d5 cxd5 28.
Nxd5 Qxe3 29. Nxe3 Be4 30. Nd2 Bc6 31. Ndc4 Ng5 32. Rxd7 Rxd7 33. Rd1 Nxh3+ 34.
Kf1 Rxd1+ 35. Nxd1 Bf3 36. Nde3 g6 37. Bd2 Bh4 38. Ng2 Be7 39. Nge3 b5 40. Nd6
a6 41. Ne8 Bh4 42. Ng2 Bd8 43. Nf6+ Kg7 44. Nf4 Nxf4 45. Bxf4 h5 46. g5 Kf8 47.
Nd7+ Ke7 48. Nc5 Bb6 49. Be3 a5 50. b4 a4 51. Kg1 Bc7 52. Bd4 Kd8 53. Na6 Kd7
54. Nxc7 Kxc7 55. Kh2 Kc6 56. Kg3 Kd5 57. Bb2 Be4 58. Kf4 Bf5 59. Bc1 Kc4 60.
Ke3 h4 61. Ke2 Kb3 62. Kd1 h3 0-1

[Event "75th ch-RUS w 2025"]
[Site "Moscow RUS"]
[Date "2025.10.02"]
[Round "2.1"]
[White "Galliamova, Alisa"]
[Black "Gunina, Valentina"]
[Result "0-1"]
[WhiteTitle "IM"]
[BlackTitle "GM"]
[WhiteElo "2392"]
[BlackElo "2405"]
[WhiteFideId "4129725"]
[BlackFideId "4167570"]
[EventDate "2025.10.01"]

1. d4 d5 2. c4 c6 3. e3 Nf6 4. Nc3 e6 5. Nf3 Nbd7 6. Qc2 b6 7. cxd5 cxd5 8. Nb5
Bb4+ 9. Bd2 Bxd2+ 10. Nxd2 O-O 11. Bd3 a6 12. Qc6 Rb8 13. Nd6 b5 14. Nxc8 Qxc8
15. Qxc8 Rfxc8 16. Ke2 e5 17. dxe5 Nxe5 18. Rac1 g6 19. Nf3 Nc4 20. Rc2 Kg7 21.
Rhc1 Re8 22. b3 Ne5 23. Rc7 Nfg4 24. Nxe5 Nxe5 25. Ra7 Rb6 26. h3 Rf6 27. f4 Nc6
28. Rc7 Nb4 29. a3 Nxd3 30. Kxd3 d4 31. exd4 Rxf4 32. R7c6 Rd8 33. Rxa6 Rfxd4+
34. Kc3 Rd3+ 35. Kb2 Rg3 36. Rc2 Rdd3 37. b4 h5 38. Ra5 h4 39. Rxb5 Rxa3 40. Rb7
Rgb3+ 41. Kc1 Ra1+ 42. Kd2 Rg3 43. Re7 Rxg2+ 44. Kc3 Ra3+ 45. Kb2 Rxc2+ 46. Kxa3
Rc3+ 47. Kb2 Rxh3 48. Re4 g5 0-1

[Event "75th ch-RUS w 2025"]
[Site "Moscow RUS"]
[Date "2025.10.02"]
[Round "2.2"]
[White "Kovalevskaya, Ekaterina"]
[Black "Zhapova, Yana"]
[Result "1-0"]
[WhiteTitle "IM"]
[BlackTitle "FM"]
[WhiteElo "2280"]
[BlackElo "2292"]
[WhiteFideId "4116704"]
[BlackFideId "24278670"]
[EventDate "2025.10.01"]

1. Nf3 d5 2. c4 e6 3. g3 dxc4 4. Qa4+ Nd7 5. Qxc4 a6 6. Bg2 b5 7. Qh4 Ne7 8. O-O
Bb7 9. Rd1 c5 10. d4 Nf6 11. Nc3 Ng6 12. Qh3 Qc7 13. Ne5 Nxe5 14. dxe5 Nd7 15.
Ne4 Nb6 16. Bg5 Bd5 17. Nd6+ Bxd6 18. exd6 Qc6 19. f3 e5 20. Be7 Qd7 21. Qh5 Qe6
22. Bh3 Qg6 23. Qxe5 Be6 24. Bxe6 fxe6 25. Qxc5 1-0

[Event "75th ch-RUS w 2025"]
[Site "Moscow RUS"]
[Date "2025.10.02"]
[Round "2.3"]
[White "Shuvalova, Polina"]
[Black "Girya, Olga"]
[Result "1/2-1/2"]
[WhiteTitle "IM"]
[BlackTitle "GM"]
[WhiteElo "2479"]
[BlackElo "2401"]
[WhiteFideId "24171760"]
[BlackFideId "4195752"]
[EventDate "2025.10.01"]

1. d4 Nf6 2. c4 e6 3. Nf3 d5 4. Nc3 Bb4 5. Bg5 h6 6. Bh4 dxc4 7. a3 Bxc3+ 8.
bxc3 c5 9. e3 Qa5 10. Bxf6 Qxc3+ 11. Nd2 gxf6 12. Rc1 Qxa3 13. Bxc4 cxd4 14. O-O
Nc6 15. exd4 Qe7 16. d5 exd5 17. Bxd5 Be6 18. Bxc6+ bxc6 19. Rxc6 Rd8 20. Qc1
Qb4 21. Nf3 Rg8 22. Qe3 Rg6 23. Re1 Kf8 24. Rxe6 fxe6 25. Qxe6 Kg7 26. h3 Rg8
27. Re4 Qb1+ 28. Kh2 Qb8+ 29. g3 Kh8 30. Rf4 Qb2 31. Nh4 Rxg3 32. Rxf6 R3g7 33.
Rxh6+ Rh7 34. Rxh7+ Kxh7 35. Qf5+ Kh6 36. Qe6+ Kh7 37. Qf5+ Kh6 38. Qe6+ 1/2-1/2

[Event "75th ch-RUS w 2025"]
[Site "Moscow RUS"]
[Date "2025.10.02"]
[Round "2.4"]
[White "Bodnaruk, Anastasia"]
[Black "Goltseva, Ekaterina"]
[Result "1/2-1/2"]
[WhiteTitle "IM"]
[BlackTitle "FM"]
[WhiteElo "2362"]
[BlackElo "2347"]
[WhiteFideId "4181751"]
[BlackFideId "24173770"]
[EventDate "2025.10.01"]

1. e4 e6 2. d4 d5 3. Nc3 Nf6 4. e5 Nfd7 5. f4 c5 6. Nf3 Nc6 7. Be3 a6 8. Qd2 b5
9. Qf2 cxd4 10. Nxd4 Nxd4 11. Bxd4 Qc7 12. Bd3 Bc5 13. Ne2 Bxd4 14. Nxd4 Nc5 15.
O-O Ne4 16. Bxe4 dxe4 17. Rae1 Bb7 18. f5 Qxe5 19. fxe6 f6 20. Nf5 O-O 21. Qb6
Bd5 22. e7 Rfe8 23. Rd1 Rab8 24. Qa7 Ra8 25. Qd4 Be6 26. Qxe5 fxe5 27. Nd6 Rxe7
28. Nxe4 h6 29. a3 Rc8 30. c3 a5 31. Rd6 Rb8 32. Nc5 Bc4 33. Re1 Rc8 34. Nd7 e4
35. Nb6 Rb8 36. a4 Kf7 37. axb5 Bxb5 38. c4 Re6 39. Rxe6 Kxe6 40. Rxe4+ Kf5 41.
Re3 Rxb6 42. cxb5 Rxb5 43. b3 Kf4 44. Kf2 Rc5 45. Re2 Rc3 46. Ra2 Rxb3 47. Rxa5
Rb2+ 1/2-1/2

[Event "75th ch-RUS w 2025"]
[Site "Moscow RUS"]
[Date "2025.10.02"]
[Round "2.5"]
[White "Shukhman, Anna"]
[Black "Potapova, Margarita"]
[Result "1-0"]
[WhiteTitle "WGM"]
[BlackTitle "WIM"]
[WhiteElo "2404"]
[BlackElo "2275"]
[WhiteFideId "54180058"]
[BlackFideId "14126869"]
[EventDate "2025.10.01"]

1. e4 c5 2. Nf3 d6 3. d4 cxd4 4. Nxd4 Nf6 5. Nc3 a6 6. f4 e5 7. Nb3 Be7 8. fxe5
dxe5 9. Qxd8+ Bxd8 10. Be3 O-O 11. Bd3 b6 12. h3 Bb7 13. g4 Nbd7 14. O-O-O h6
15. Rhg1 b5 16. h4 Bc6 17. g5 hxg5 18. hxg5 Nh5 19. Be2 Nf4 20. Bg4 b4 21. Nd5
Bxd5 22. exd5 Nb6 23. Bxf4 exf4 24. g6 Bf6 25. gxf7+ Kxf7 26. Be6+ Ke7 27. Nc5
Kd6 28. Ne4+ Ke7 29. Bg4 Nc4 30. d6+ Kf7 31. Bh5+ Kg8 32. Nxf6+ Rxf6 33. Bf3 Rc8
34. d7 Rd8 35. Bd5+ Kf8 36. Bxc4 f3 37. Rd2 a5 38. Bb5 Rf5 39. Bc6 g5 40. Re1 1-0

[Event "75th ch-RUS w 2025"]
[Site "Moscow RUS"]
[Date "2025.10.02"]
[Round "2.6"]
[White "Garifullina, Leya"]
[Black "Charochkina, Daria"]
[Result "1-0"]
[WhiteTitle "IM"]
[BlackTitle "IM"]
[WhiteElo "2453"]
[BlackElo "2274"]
[WhiteFideId "34127035"]
[BlackFideId "4180917"]
[EventDate "2025.10.01"]

1. e4 e5 2. Nf3 Nc6 3. Bb5 a6 4. Ba4 Nf6 5. O-O b5 6. Bb3 Bc5 7. a4 Rb8 8. d3 d6
9. h3 h6 10. Nc3 O-O 11. axb5 axb5 12. Ne2 Ne7 13. Ng3 Ng6 14. c3 Bb6 15. d4 Bb7
16. Bc2 Re8 17. Re1 Ra8 18. Rxa8 Qxa8 19. d5 Bc8 20. Nh2 Bd7 21. Qf3 Nh4 22. Qe2
Ng6 23. Ng4 Nxg4 24. hxg4 Qd8 25. Nf5 Nf4 26. Qf3 Qf6 27. g3 Nh3+ 28. Kg2 Ng5
29. Qe2 Nh7 30. Bd3 b4 31. cxb4 Rb8 32. b5 Bxf5 33. gxf5 Nf8 34. Rh1 Nh7 35. Bd2
Ra8 36. Qd1 Ng5 37. Rh5 Nh7 38. Qc1 Qe7 39. Rh1 f6 40. Qc2 Nf8 41. Be2 Ra7 42.
Rc1 Nd7 43. Bh5 Bd4 44. Bc3 Bxc3 45. Qxc3 Nb6 46. Qc6 Qd8 47. Rc3 Kf8 48. Ra3
Ra4 49. Qc2 Ra8 50. Ra6 Kg8 51. Qc6 Kf8 52. Bg6 Kg8 53. Qc2 Kf8 54. Kf3 Kg8 55.
Ke3 Kf8 56. Kd2 Qc8 57. Qc6 Qd8 58. Kc2 Qc8 59. Kb1 Qd8 60. f4 exf4 61. gxf4 Rc8
62. Bh5 Nd7 63. Ra7 Nb8 64. Qc3 Nd7 65. Bd1 Kg8 66. Bc2 Kh8 67. Qc4 Kg8 68. Ra3
Kh8 69. Rc3 Qe7 70. Qc6 Kg8 71. Qb7 Nb6 72. Rc6 Qd8 73. e5 fxe5 74. fxe5 Qh4 75.
Rxb6 Qe1+ 76. Ka2 Qa5+ 77. Kb3 1-0

[Event "75th ch-RUS w 2025"]
[Site "Moscow RUS"]
[Date "2025.10.03"]
[Round "3.1"]
[White "Charochkina, Daria"]
[Black "Galliamova, Alisa"]
[Result "1-0"]
[WhiteTitle "IM"]
[BlackTitle "IM"]
[WhiteElo "2274"]
[BlackElo "2392"]
[WhiteFideId "4180917"]
[BlackFideId "4129725"]
[EventDate "2025.10.01"]

1. d4 Nf6 2. c4 e6 3. Bf4 b6 4. a3 Ba6 5. Qc2 Nh5 6. Bd2 d5 7. e4 Nf6 8. e5 Nfd7
9. cxd5 Bxf1 10. Kxf1 exd5 11. Nc3 c6 12. Nf3 Be7 13. h4 Nf8 14. Ne2 Ne6 15. Ng3
h5 16. Nf5 a5 17. Ng5 Bxg5 18. hxg5 g6 19. Nd6+ Kf8 20. Be3 Nxg5 21. f4 Ne4 22.
Nxe4 dxe4 23. Qxe4 Qd5 24. Qxd5 cxd5 25. Rc1 Kg7 26. g4 Ra7 27. f5 f6 28. exf6+
Kxf6 29. Bf4 Re8 30. Bxb8 Rxb8 31. Rc6+ Kg5 32. Rxg6+ Kf4 33. Rxh5 Rc7 34. f6
Re8 35. Rf5+ Kg3 36. Re5 Rc1+ 37. Ke2 Rh8 38. Re3+ Kg2 39. Rc3 Rb1 40. Kd2 Rhh1
41. Rc2 Rhf1 42. Rg5 Rxf6 43. Rxd5 Rf3 44. Rb5 Rff1 45. Rxb6 Kg3 46. g5 Rg1 47.
g6 Kf4 48. Kc3 Rbd1 49. Rd6 Rg4 1-0

[Event "75th ch-RUS w 2025"]
[Site "Moscow RUS"]
[Date "2025.10.03"]
[Round "3.2"]
[White "Potapova, Margarita"]
[Black "Garifullina, Leya"]
[Result "1/2-1/2"]
[WhiteTitle "WIM"]
[BlackTitle "IM"]
[WhiteElo "2275"]
[BlackElo "2453"]
[WhiteFideId "14126869"]
[BlackFideId "34127035"]
[EventDate "2025.10.01"]

1. d4 Nf6 2. c4 e6 3. g3 d5 4. Nf3 Bb4+ 5. Bd2 Be7 6. Bg2 O-O 7. Qc2 c6 8. Bf4
b6 9. Nbd2 Nh5 10. h4 Bb7 11. Ng5 g6 12. O-O-O c5 13. dxc5 Nc6 14. Ndf3 Bxc5 15.
e4 Nb4 16. Qe2 Nxf4 17. gxf4 Qf6 18. a3 Qxf4+ 19. Nd2 Na6 20. exd5 exd5 21. Bxd5
Rae8 22. Qd3 Bxd5 23. cxd5 Nc7 24. Ne4 Re5 25. d6 Bxd6 26. Nxd6 Rd5 27. Qg3 Qxg3
28. fxg3 Rxd6 29. Ne4 Rc6+ 30. Kb1 Re8 31. Nc3 h5 32. Rd3 b5 33. Rf1 Re7 34. Rf4
a6 35. Rd8+ Kg7 36. Rf3 Rc4 37. Rfd3 b4 38. axb4 Rxb4 39. Rc8 Nb5 40. Nd5 Re1+
41. Ka2 Ra4+ 42. Kb3 Rd4 43. Rxd4 Nxd4+ 44. Kb4 Nf5 45. Rc3 Rg1 46. Ka5 Nxg3 47.
Kxa6 Ne4 48. Rc4 Ra1+ 49. Kb6 Nd6 50. Rf4 f5 51. Rd4 Ne4 52. b4 g5 53. hxg5 Kg6
54. Rc4 Rd1 55. Kc6 h4 56. b5 Kxg5 57. b6 Rb1 58. Nb4 h3 59. b7 h2 60. b8=Q h1=Q
61. Qg8+ Kh4 62. Qh7+ Kg5 63. Qg7+ Kf4 64. Nd5+ Kf3 65. Qg6 Ke2 66. Qxf5 Qh6+
67. Nf6 Qxf6+ 68. Qxf6 Nxf6 69. Ra4 Ke3 70. Ra8 Ke4 71. Kd6 Rb6+ 72. Kc5 Nd7+
73. Kc4 Rc6+ 74. Kb5 Kd5 75. Rh8 Rb6+ 76. Ka5 Rb1 77. Rh5+ Ne5 78. Ka4 Rb8 79.
Ka5 Kd4 80. Ka4 Nd3 81. Ka5 Nf4 82. Rh4 Kc5 83. Ka4 Ne2 84. Rh5+ Kc4 85. Ka5 Nc3
86. Rh4+ Kc5 87. Rh5+ Nd5 88. Ka4 Rb1 89. Rg5 Rf1 90. Rh5 Rf3 91. Rg5 Rh3 92.
Rf5 Kc4 93. Rg5 Rh4 94. Rg8 Nb6+ 95. Ka5 Kc5 96. Rg5+ Nd5 97. Rg8 Ne7 98. Rg5+
Kc6 99. Rg1 Rc4 100. Rh1 Nf5 101. Rh8 Nd6 102. Rh6 Rg4 103. Rf6 Kc5 104. Rh6 Nf7
105. Rh5+ Kc6 106. Rh1 Rc4 107. Rh2 Nd6 108. Rh6 Rf4 109. Rg6 Rh4 110. Rf6 Kc5
111. Rg6 Nb7+ 112. Ka6 Rb4 113. Rg5+ Kc6 114. Rg6+ Nd6 115. Ka5 Rd4 116. Rh6 Kd5
117. Rh5+ Kc6 118. Rh6 1/2-1/2

[Event "75th ch-RUS w 2025"]
[Site "Moscow RUS"]
[Date "2025.10.03"]
[Round "3.3"]
[White "Goltseva, Ekaterina"]
[Black "Shukhman, Anna"]
[Result "1/2-1/2"]
[WhiteTitle "FM"]
[BlackTitle "WGM"]
[WhiteElo "2347"]
[BlackElo "2404"]
[WhiteFideId "24173770"]
[BlackFideId "54180058"]
[EventDate "2025.10.01"]

1. d4 Nf6 2. c4 g6 3. Nc3 d5 4. cxd5 Nxd5 5. e4 Nxc3 6. bxc3 Bg7 7. Bc4 c5 8.
Ne2 O-O 9. Be3 Nc6 10. O-O b6 11. h4 e6 12. h5 cxd4 13. cxd4 Qh4 14. Qc1 Bb7 15.
h6 Bh8 16. f3 Qe7 17. Qb2 Bf6 18. Rac1 Na5 19. Bd3 Bg5 20. Qd2 Bxe3+ 21. Qxe3
Rac8 22. Qf4 f6 23. Qg4 Rxc1 24. Rxc1 Rc8 25. Rd1 Nc4 26. Bxc4 Rxc4 27. Qf4 Rc8
28. Ng3 Kf7 29. d5 exd5 30. exd5 Qc5+ 31. Kh1 Bxd5 32. Nf5 gxf5 33. Qxf5 Be6 34.
Qxh7+ Ke8 35. Qg6+ Ke7 36. Qg7+ Ke8 37. Qg6+ Ke7 38. Qg7+ Ke8 39. h7 Qh5+ 40.
Kg1 Qc5+ 41. Kh2 Qe5+ 42. Kh1 1/2-1/2

[Event "75th ch-RUS w 2025"]
[Site "Moscow RUS"]
[Date "2025.10.03"]
[Round "3.4"]
[White "Girya, Olga"]
[Black "Bodnaruk, Anastasia"]
[Result "1-0"]
[WhiteTitle "GM"]
[BlackTitle "IM"]
[WhiteElo "2401"]
[BlackElo "2362"]
[WhiteFideId "4195752"]
[BlackFideId "4181751"]
[EventDate "2025.10.01"]

1. d4 Nf6 2. c4 g6 3. Nc3 Bg7 4. e4 d6 5. Nf3 O-O 6. Be2 e5 7. d5 a5 8. Be3 Nh5
9. Nd2 Nf4 10. Bf1 Na6 11. g3 Nh3 12. Qe2 h5 13. O-O-O a4 14. a3 Nc5 15. f3 Ng5
16. h4 Nh7 17. g4 hxg4 18. fxg4 c6 19. g5 cxd5 20. Nxd5 f5 21. h5 Nxg5 22. hxg6
f4 23. Bxc5 dxc5 24. Qh5 Re8 25. Be2 Ra6 26. Rdg1 Ne6 27. Qh7+ Kf8 28. Rh5 Nc7
29. Bg4 Nxd5 30. cxd5 Bxg4 31. Rxg4 Rf6 32. Rgg5 f3 33. Rf5 Re7 34. Qh8+ Bxh8
35. Rxh8+ Kg7 36. Rxd8 Rxf5 37. exf5 e4 38. d6 Re5 39. d7 Rd5 40. Nxe4 1-0

[Event "75th ch-RUS w 2025"]
[Site "Moscow RUS"]
[Date "2025.10.03"]
[Round "3.5"]
[White "Zhapova, Yana"]
[Black "Shuvalova, Polina"]
[Result "0-1"]
[WhiteTitle "FM"]
[BlackTitle "IM"]
[WhiteElo "2292"]
[BlackElo "2479"]
[WhiteFideId "24278670"]
[BlackFideId "24171760"]
[EventDate "2025.10.01"]

1. e4 c5 2. Nf3 d6 3. d4 cxd4 4. Nxd4 Nf6 5. Nc3 a6 6. Bg5 e6 7. f4 Nbd7 8. Qe2
Qc7 9. g4 Be7 10. O-O-O b5 11. Bg2 b4 12. e5 bxc3 13. Bxa8 dxe5 14. Nc6 Bb7 15.
Nxe7 Bxa8 16. Rhe1 e4 17. Qxa6 Qb7 18. Qxb7 Bxb7 19. Nf5 cxb2+ 20. Kxb2 exf5 21.
gxf5 Kd8 22. Bh4 Kc7 23. Bf2 g6 24. fxg6 hxg6 25. Bg3 Nh5 26. Bh4 f6 27. Rf1 Rb8
28. Kc1 Ra8 29. Kb2 Ra4 30. Bf2 Bc6 31. h4 Nb6 32. Bxb6+ Kxb6 33. f5 Bb5 34.
Rd6+ Kc7 35. Rfd1 e3 36. Re6 e2 37. Re7+ Kc6 38. Re1 gxf5 39. Kb3 Rxh4 40. Re6+
Kd5 41. Rb6 Kc5 0-1

[Event "75th ch-RUS w 2025"]
[Site "Moscow RUS"]
[Date "2025.10.03"]
[Round "3.6"]
[White "Gunina, Valentina"]
[Black "Kovalevskaya, Ekaterina"]
[Result "1/2-1/2"]
[WhiteTitle "GM"]
[BlackTitle "IM"]
[WhiteElo "2405"]
[BlackElo "2280"]
[WhiteFideId "4167570"]
[BlackFideId "4116704"]
[EventDate "2025.10.01"]

1. d4 Nf6 2. c4 e6 3. Nf3 d5 4. Nc3 c5 5. cxd5 cxd4 6. Qxd4 exd5 7. Bg5 Be7 8.
e3 O-O 9. Bb5 h6 10. Bh4 a6 11. Ba4 Nc6 12. Bxc6 bxc6 13. O-O Rb8 14. Rac1 Be6
15. b3 c5 16. Qd3 c4 17. bxc4 dxc4 18. Qc2 Ba3 19. Rcd1 Qa5 20. Bxf6 gxf6 21.
Nd4 Rb2 22. Qe4 f5 23. Qh4 Qxc3 24. Qxh6 Rd2 25. Qg5+ Kh7 26. Nxf5 Rxd1 27. Rxd1
Bxf5 28. Qxf5+ Kg8 29. Qg4+ Qg7 30. Qxc4 Qg6 31. h4 Bb2 32. Rd5 Bg7 33. Rg5 Qf6
34. g3 Rd8 35. Kg2 Rd2 36. Qc8+ Rd8 37. Qc2 Kf8 38. Rf5 Qe6 39. Qc7 Bf6 40. Qf4
Bg7 41. h5 Kg8 42. Qg4 Qc6+ 43. Qf3 Qxf3+ 44. Kxf3 Bc3 45. Rc5 Bb4 46. Rc2 Kg7
47. g4 Rd5 48. Ke4 Ra5 49. f4 Be7 50. Kf3 Bc5 51. g5 f6 52. g6 Kh6 53. e4 Bf8
54. Kg4 Bg7 55. f5 Ra4 56. Kf4 Bf8 57. Ke3 Bg7 58. Kd3 Kxh5 59. Rh2+ Kg5 60. Rh7
Bh6 61. g7 Bxg7 62. Rxg7+ Kf4 63. Re7 Rxa2 64. Re6 Ra4 65. Rxf6 Rxe4 66. Re6 Rb4
67. f6 Rb8 68. f7 Rf8 69. Rxa6 1/2-1/2

[Event "75th ch-RUS w 2025"]
[Site "Moscow RUS"]
[Date "2025.10.04"]
[Round "4.1"]
[White "Galliamova, Alisa"]
[Black "Kovalevskaya, Ekaterina"]
[Result "1/2-1/2"]
[WhiteTitle "IM"]
[BlackTitle "IM"]
[WhiteElo "2392"]
[BlackElo "2280"]
[WhiteFideId "4129725"]
[BlackFideId "4116704"]
[EventDate "2025.10.01"]

1. e4 c5 2. Nc3 Nc6 3. Nf3 e5 4. Bc4 Be7 5. d3 d6 6. Nd2 Nf6 7. Nf1 O-O 8. Ne3
a6 9. a4 Be6 10. O-O Nb4 11. Qf3 Rb8 12. h3 Ne8 13. Ncd5 Nxd5 14. Nxd5 Nc7 15.
Nxc7 Qxc7 16. a5 Qd7 17. Bd2 Kh8 18. Qg3 f5 19. Bxe6 Qxe6 20. exf5 Rxf5 21. f4
Bf6 22. Rae1 Qf7 23. Qg4 exf4 24. Rxf4 Rxf4 25. Qxf4 Qd7 26. Bc3 Bxc3 27. bxc3
h6 28. c4 Rd8 29. Qf3 Qc7 30. Re6 Qxa5 31. Rxh6+ gxh6 32. Qf6+ Kh7 33. Qf7+ Kh8
34. Qf6+ Kh7 35. Qf7+ Kh8 1/2-1/2